00639 2200253 4500001002100000005001500021035002500036008004100061020001900102090001500121245003600136260003100172300002900203650002900232850001200261007000300273040001700276082001200293084001200305990001700317990001700334990001700351990001700368YOGYA-0209000000020420240903124926 a0010-020900000000204090227s ind  a0-9581-138-2.3 aRQ 994 PAN aPanduan Australia & New Zealand aSydney :bIndopages,c2004 a210 hlm :bilus ;c30 cm aAustralia - buku panduan aYOPDYOGta aYOPDYOGbind 223a994 a994 PAN a2619-PD/P.04 a2620-PD/P.04 a2619-PD/P.04 a2620-PD/P.04